Normal view
MARC view
- APPLICATION SOFTWARE-DEVELOPMENT; COMPUTER ALGORITHMS; DATA STRUCTURES-COMPUTER SCIENCE; JAVA-COMPUTER PROGRAM LANGUAGE
Entry Topical Term
001 - CONTROL NUMBER
- control field: 60809
003 - CONTROL NUMBER IDENTIFIER
- control field: NUST
005 - DATE AND TIME OF LATEST TRANSACTION
- control field: 20210628202631.0
008 - FIXED-LENGTH DATA ELEMENTS
- fixed length control field: 210628|| aca||aabn | a|a d
040 ## - CATALOGING SOURCE
- Original cataloging agency: NUST
- Transcribing agency: NUST
150 ## - HEADING--TOPICAL TERM
- Topical term or geographic name entry element: APPLICATION SOFTWARE-DEVELOPMENT; COMPUTER ALGORITHMS; DATA STRUCTURES-COMPUTER SCIENCE; JAVA-COMPUTER PROGRAM LANGUAGE
670 ## - SOURCE DATA FOUND
- Source citation: Work cat.: (NUST): Sahni, Sartaj 60808, Data structure algorithms, and applications in java, 2000
